Top 15 non-English Languages by State (Alabama) - Statistics

General Stats
  • This quiz has been taken 20 times
    16 since last reset
  • The average score is 11 of 15
Answer Stats
Answer % Correct
French
100%
Spanish/Spanish Creole
100%
Arabic
87%
German
87%
Hindi
80%
Japanese
80%
Korean
80%
Chinese
73%
Portuguese
73%
Russian
73%
Tagalog
67%
Vietnamese
67%
Turkish
60%
Gujarati
47%
Laotian/Lao
47%
No matching quizzes found
Score Distribution
Percent of People with Each Score
Percentile by Number Answered
Your Score History
You have not taken this quiz since the last reset